[Event "FIN-ch op"]
[Site "Naantali"]
[Date "2019.07.03"]
[Round "6"]
[White "Heino, Juha"]
[Black "Paronen, Petteri"]
[Result "1/2-1/2"]
[WhiteElo "2092"]
[BlackElo "2100"]
[PlyCount "25"]
[EventDate "2019.06.29"]
[EventType "swiss"]
[EventRounds "9"]
[EventCountry "FIN"]
[SourceTitle "CBM 192 Extra"]
[Source "Chessbase"]
[SourceDate "2019.11.06"]
[SourceVersion "1"]
[SourceVersionDate "2019.11.06"]
[SourceQuality "1"]

1. e4 Nc6 2. d4 d5 3. e5 Bf5 4. c3 e6 5. Ne2 f6 6. exf6 Nxf6 7. Ng3 Bg6 8. Bd3 Bxd3 9. Qxd3 Bd6 10. f4 Qd7 11. 0-0 0-0 12. Nd2 Ne7 13. Nf3 1/2-1/2

[Event "FIN-ch op"]
[Site "Naantali"]
[Date "2019.07.03"]
[Round "7"]
[White "Nieminen, Markus"]
[Black "Heino, Juha"]
[Result "1/2-1/2"]
[WhiteElo "1979"]
[BlackElo "2092"]
[PlyCount "75"]
[EventDate "2019.06.29"]
[EventType "swiss"]
[EventRounds "9"]
[EventCountry "FIN"]
[SourceTitle "CBM 192 Extra"]
[Source "Chessbase"]
[SourceDate "2019.11.06"]
[SourceVersion "1"]
[SourceVersionDate "2019.11.06"]
[SourceQuality "1"]

1. e4 c5 2. Nf3 d6 3. d4 cxd4 4. Nxd4 Nf6 5. Nc3 a6 6. h3 e6 7. g4 e5 8. Nf5 h5 9. Rg1 hxg4 10. hxg4 Be6 11. Bg5 Qb6 12. Be3 Qc7 13. Qf3 Nfd7 14. Rh1 Rxh1 15. Qxh1 Bxf5 16. exf5 Nc6 17. 0-0-0 Nb6 18. f4 0-0-0 19. Qg1 Nd4 20. Bxd4 exd4 21. Qxd4 d5 22. Bg2 Bc5 23. Qd2 Nc4 24. Qe2 Be3+ 25. Kb1 Qb6 26. b3 Qb4 27. Nxd5 Rxd5 28. Bxd5 Nd2+ 29. Rxd2 Qxd2 30. Qxd2 Bxd2 31. Bxf7 Bxf4 32. c4 Kc7 33. Kc2 Kd6 34. Kd3 b6 35. Be6 a5 36. Ke4 Bg5 37. Bc8 Bc1 38. Ba6 1/2-1/2

[Event "FIN-ch op"]
[Site "Naantali"]
[Date "2019.06.30"]
[Round "2"]
[White "Norri, Roger"]
[Black "Heino, Juha"]
[Result "1-0"]
[WhiteElo "1908"]
[BlackElo "2092"]
[PlyCount "69"]
[EventDate "2019.06.29"]
[EventType "swiss"]
[EventRounds "9"]
[EventCountry "FIN"]
[SourceTitle "CBM 192 Extra"]
[Source "Chessbase"]
[SourceDate "2019.11.06"]
[SourceVersion "1"]
[SourceVersionDate "2019.11.06"]
[SourceQuality "1"]

1. e4 c5 2. Nf3 Nc6 3. d4 cxd4 4. Nxd4 Nf6 5. Nc3 d6 6. Be2 e5 7. Nb3 Be6 8. Be3 a6 9. 0-0 Be7 10. Kh1 0-0 11. f4 b5 12. f5 Bc8 13. g4 d5 14. Nxd5 Nxd5 15. Qxd5 Qxd5 16. exd5 Nb4 17. Bf3 Bb7 18. Bc5 Bxc5 19. Nxc5 Bxd5 20. Bxd5 Nxd5 21. Rfe1 Rfe8 22. c3 a5 23. Rad1 Nb6 24. Nd7 Nxd7 25. Rxd7 Rab8 26. Kg2 h6 27. Kf3 b4 28. c4 b3 29. a3 f6 30. Ke4 Rbc8 31. Kd5 Red8 32. Rxd8+ Rxd8+ 33. Kc6 Rd2 34. c5 Rxb2 35. Kb7 1-0

[Event "FIN-chT2 Gp3 1718"]
[Site "Finland"]
[Date "2018.03.10"]
[Round "7.2"]
[White "Heino, Juha"]
[Black "Puhtila, Marko"]
[Result "1/2-1/2"]
[WhiteElo "2118"]
[BlackElo "2082"]
[PlyCount "53"]
[EventDate "2017.09.16"]
[EventType "team-tourn"]
[EventRounds "7"]
[EventCountry "FIN"]
[SourceTitle "EXT 2020"]
[Source "ChessBase"]
[SourceDate "2019.10.17"]
[SourceVersion "1"]
[SourceVersionDate "2019.10.17"]
[SourceQuality "1"]
[WhiteTeam "Turku SY"]
[BlackTeam "Turku AS"]
[WhiteTeamCountry "FIN"]
[BlackTeamCountry "FIN"]

1. e4 e6 2. d4 d5 3. Nd2 Nf6 4. e5 Nfd7 5. Bd3 c5 6. c3 Nc6 7. Ne2 cxd4 8. cxd4 f6 9. exf6 Nxf6 10. 0-0 Bd6 11. Nf3 0-0 12. Bg5 Qc7 13. Bh4 Nh5 14. Rc1 Rxf3 15. gxf3 Bxh2+ 16. Kg2 Bd6 17. Rh1 Qf7 18. Bg3 e5 19. Rxc6 bxc6 20. dxe5 Nxg3 21. Bxh7+ Kf8 22. fxg3 Bxe5 23. Qc2 Rb8 24. Bg6 Qf6 25. Rh8+ Ke7 26. b3 Bd7 27. Rxb8 1/2-1/2

[Event "FIN-chT2 Gp3 1718"]
[Site "Finland"]
[Date "2017.09.16"]
[Round "1.2"]
[White "Nokso Koivisto, Antti"]
[Black "Heino, Juha"]
[Result "1-0"]
[WhiteElo "2081"]
[BlackElo "2118"]
[PlyCount "77"]
[EventDate "2017.09.16"]
[EventType "team-tourn"]
[EventRounds "7"]
[EventCountry "FIN"]
[SourceTitle "EXT 2020"]
[Source "ChessBase"]
[SourceDate "2019.10.17"]
[SourceVersion "1"]
[SourceVersionDate "2019.10.17"]
[SourceQuality "1"]
[WhiteTeam "Loimaa SK"]
[BlackTeam "Turku SY"]
[WhiteTeamCountry "FIN"]
[BlackTeamCountry "FIN"]

1. e4 e5 2. Nf3 Nc6 3. Bb5 a6 4. Ba4 Nf6 5. 0-0 Be7 6. Re1 b5 7. Bb3 0-0 8. a4 Rb8 9. axb5 axb5 10. d3 d6 11. h3 Be6 12. c3 Qd7 13. d4 exd4 14. cxd4 Bxb3 15. Qxb3 d5 16. e5 Ne4 17. Be3 Nd8 18. Nbd2 Nxd2 19. Nxd2 Ne6 20. Ra7 Qd8 21. Nf3 c5 22. dxc5 Bxc5 23. Bxc5 Nxc5 24. Qe3 Ne6 25. Rd1 Ra8 26. Rxa8 Qxa8 27. Qd3 Qa5 28. Nd4 Nxd4 29. Qxd4 Rd8 30. Rc1 h6 31. f4 Qa4 32. b4 Qa2 33. Kh2 Qe2 34. Rd1 Qc4 35. f5 Re8 36. e6 fxe6 37. fxe6 Rxe6 38. Qxd5 Kh7 39. Qf5+ 1-0

[Event "Naantali Avoin op"]
[Site "Naantali"]
[Date "2017.07.07"]
[Round "7"]
[White "Norri, Roger"]
[Black "Heino, Juha"]
[Result "1/2-1/2"]
[WhiteElo "1874"]
[BlackElo "2092"]
[PlyCount "85"]
[EventDate "2017.07.03"]
[EventType "swiss"]
[EventRounds "7"]
[EventCountry "FIN"]
[SourceTitle "EXT 2018"]
[Source "ChessBase"]
[SourceDate "2017.10.13"]
[SourceVersion "1"]
[SourceVersionDate "2017.10.13"]
[SourceQuality "1"]

1. e4 Nf6 2. Nc3 d6 3. d4 g6 4. f4 c6 5. Nf3 Bg7 6. Be2 0-0 7. e5 Nd5 8. Nxd5 cxd5 9. 0-0 Nc6 10. c3 a6 11. exd6 Qxd6 12. Ne5 Bf5 13. Bd3 Bxd3 14. Qxd3 e6 15. Be3 Rac8 16. Rac1 Ne7 17. g4 f6 18. Nf3 Nc6 19. Rc2 b5 20. g5 e5 21. dxe5 fxe5 22. fxe5 Nxe5 23. Nxe5 Rxf1+ 24. Qxf1 Bxe5 25. Qg2 Qe6 26. Re2 Rc4 27. Qf3 Re4 28. Rf2 Bg7 29. Bc5 Re1+ 30. Kg2 Re5 31. Qf4 h6 32. gxh6 Bxh6 33. Qf3 Rf5 34. Qe2 Re5 35. Qf3 Bg7 36. Bd4 Rf5 37. Qe3 Rxf2+ 38. Kxf2 Qf5+ 39. Qf3 Qc2+ 40. Kg3 Bxd4 41. Qxd5+ Kh7 42. Qxd4 Qxb2 43. Qd7+ 1/2-1/2

[Event "Naantali Avoin op"]
[Site "Naantali"]
[Date "2017.07.04"]
[Round "2"]
[White "Heino, Juha"]
[Black "Sipila, Vilka"]
[Result "1-0"]
[WhiteElo "2092"]
[BlackElo "2375"]
[PlyCount "79"]
[EventDate "2017.07.03"]
[EventType "swiss"]
[EventRounds "7"]
[EventCountry "FIN"]
[SourceTitle "EXT 2018"]
[Source "ChessBase"]
[SourceDate "2017.10.13"]
[SourceVersion "1"]
[SourceVersionDate "2017.10.13"]
[SourceQuality "1"]

1. e4 e5 2. Nf3 d6 3. d4 Nd7 4. Bc4 Be7 5. 0-0 c6 6. c3 b5 7. Bb3 Bb7 8. dxe5 dxe5 9. Ng5 Bxg5 10. Qh5 Qe7 11. Bxg5 Ngf6 12. Qe2 h6 13. Bh4 g5 14. Bg3 h5 15. f3 h4 16. Bf2 Nh5 17. Be3 Nf4 18. Bxf4 gxf4 19. h3 Rg8 20. Nd2 Nf6 21. a4 Bc8 22. Kh2 Rg3 23. Rf2 Bxh3 24. gxh3 0-0-0 25. Rd1 Qd7 26. Qf1 Qe8 27. axb5 cxb5 28. c4 Rd4 29. cxb5 Kb8 30. b6 axb6 31. Qa6 Qc6 32. Ra1 Rg7 33. Qa7+ Kc8 34. Qe7 Kb8 35. Bd5 Nxd5 36. exd5 Qg6 37. Qd8+ Kb7 38. Qa8+ Kc7 39. Ra7+ Kd6 40. Qc6# 1-0

[Event "Naantali Avoin op"]
[Site "Naantali"]
[Date "2017.07.04"]
[Round "3"]
[White "Jarvenpaa, Jari"]
[Black "Heino, Juha"]
[Result "1/2-1/2"]
[WhiteElo "2251"]
[BlackElo "2092"]
[PlyCount "121"]
[EventDate "2017.07.03"]
[EventType "swiss"]
[EventRounds "7"]
[EventCountry "FIN"]
[SourceTitle "EXT 2018"]
[Source "ChessBase"]
[SourceDate "2017.10.13"]
[SourceVersion "1"]
[SourceVersionDate "2017.10.13"]
[SourceQuality "1"]

1. d4 Nf6 2. c4 e6 3. Nf3 d5 4. g3 c6 5. Bg2 Nbd7 6. 0-0 Be7 7. Qc2 0-0 8. b3 b6 9. Nc3 Bb7 10. Bb2 Rc8 11. Rad1 Qc7 12. Qb1 Rfd8 13. Nd2 a6 14. e4 Nf8 15. e5 Ne8 16. f4 c5 17. cxd5 exd5 18. Nf3 Ne6 19. dxc5 bxc5 20. f5 Nd4 21. Rde1 Nxf3+ 22. Bxf3 d4 23. Bxb7 Qxb7 24. Ne4 f6 25. exf6 Bxf6 26. Qc2 c4 27. Qg2 Qa7 28. Qf2 Qd7 29. bxc4 Rxc4 30. Qf3 d3 31. Bxf6 Nxf6 32. Nf2 Rc2 33. Rd1 Rc3 34. Rd2 Qd5 35. Qxd5+ Rxd5 36. Rfd1 Rxf5 37. Rxd3 Rxd3 38. Rxd3 Ra5 39. a3 Kf7 40. Re3 Rd5 41. h3 h6 42. Kg2 a5 43. Nd3 Ne4 44. h4 g5 45. hxg5 hxg5 46. Rxe4 Rxd3 47. Ra4 g4 48. Rf4+ Ke6 49. a4 Rd2+ 50. Kf1 Ra2 51. Rxg4 Kf5 52. Rc4 Kg5 53. g4 Rb2 54. Ke1 Rg2 55. Rc5+ Kf6 56. Rxa5 Rxg4 57. Kd2 Ke6 58. Kc3 Kd6 59. Kb3 Kc6 60. Rb5 Rh4 61. Rb4 1/2-1/2

[Event "FIN-chT2 Gp2 1617"]
[Site "Finland"]
[Date "2016.09.17"]
[Round "1.2"]
[White "Junnila, Ville"]
[Black "Heino, Juha"]
[Result "0-1"]
[WhiteElo "1997"]
[BlackElo "2093"]
[PlyCount "80"]
[EventDate "2016.09.17"]
[EventType "team-tourn"]
[EventRounds "7"]
[EventCountry "FIN"]
[SourceTitle "EXT 2019"]
[Source "ChessBase"]
[SourceDate "2018.10.10"]
[SourceVersion "1"]
[SourceVersionDate "2018.10.10"]
[SourceQuality "1"]
[WhiteTeam "Turku TuTS III"]
[BlackTeam "Turku SY"]
[WhiteTeamCountry "FIN"]
[BlackTeamCountry "FIN"]

1. d4 Nf6 2. c4 g6 3. Nc3 Bg7 4. e4 d6 5. h3 c6 6. Nf3 Qc7 7. Be3 e5 8. d5 0-0 9. Be2 cxd5 10. cxd5 Nbd7 11. Nd2 a6 12. h4 h5 13. f3 b5 14. g4 Nc5 15. g5 Nfd7 16. Rc1 Qd8 17. b4 Nb7 18. a4 bxa4 19. Qxa4 Kh7 20. Nc4 f6 21. Qa3 fxg5 22. hxg5 Rf7 23. Na4 a5 24. Nab6 Nxb6 25. Nxb6 Rb8 26. bxa5 Bf8 27. a6 Nc5 28. a7 Qxb6 29. axb8Q Qxb8 30. Ra1 Bd7 31. 0-0 Qd8 32. Qa8 Qe7 33. Qb8 Rf4 34. Bxf4 exf4 35. Rf2 Bg7 36. Ra7 Qxg5+ 37. Kf1 Qh4 38. Ke1 Bc3+ 39. Kd1 Qxf2 40. Rxd7+ Nxd7 0-1

[Event "Naantali op"]
[Site "Naantali"]
[Date "2015.07.01"]
[Round "4"]
[White "Heino, Juha"]
[Black "Riekkinen, Keijo"]
[Result "1-0"]
[WhiteElo "2090"]
[BlackElo "1759"]
[PlyCount "93"]
[EventDate "2015.06.29"]
[EventType "swiss"]
[EventRounds "9"]
[EventCountry "FIN"]
[SourceTitle "EXT 2016"]
[Source "ChessBase"]
[SourceDate "2015.10.08"]
[SourceVersion "1"]
[SourceVersionDate "2015.10.08"]
[SourceQuality "1"]

1. e4 c6 2. d4 d5 3. exd5 cxd5 4. c4 Nf6 5. Nc3 e6 6. Nf3 Nc6 7. Bg5 Be7 8. a3 0-0 9. Rc1 Ne4 10. Bxe7 Qxe7 11. Bd3 Nxc3 12. Rxc3 dxc4 13. Bxc4 Rd8 14. 0-0 Qd6 15. Rd3 Ne7 16. Re1 a6 17. d5 Qb6 18. d6 Nd5 19. Bxd5 exd5 20. Rxd5 Be6 21. Rd2 Bg4 22. Re3 Rd7 23. h3 Bxf3 24. Rxf3 Rad8 25. Rfd3 f6 26. Qe2 Kf7 27. Qh5+ Kg8 28. Qd5+ Kf8 29. Qe6 Qc5 30. Rd5 Qc1+ 31. Kh2 Qc8 32. Qf5 h6 33. g3 Qb8 34. Qf4 Kf7 35. b4 b6 36. a4 g5 37. Qc4 Kg7 38. Qd3 b5 39. axb5 axb5 40. Re2 Re8 41. Rxe8 Qxe8 42. Rxb5 Qe1 43. Kg2 Ra7 44. Qd5 Ra1 45. Rb7+ Kg6 46. Qf7+ Kf5 47. g4+ 1-0

[Event "Naantali op"]
[Site "Naantali"]
[Date "2014.07.06"]
[Round "9"]
[White "Vaentsi, Timo"]
[Black "Heino, Juha"]
[Result "1/2-1/2"]
[WhiteElo "2060"]
[BlackElo "2058"]
[PlyCount "36"]
[EventDate "2014.06.30"]
[EventType "swiss"]
[EventRounds "9"]
[EventCountry "FIN"]
[SourceTitle "CBM 161 Extra"]
[Source "ChessBase"]
[SourceDate "2014.08.29"]
[SourceVersion "1"]
[SourceVersionDate "2014.08.29"]
[SourceQuality "1"]

1. d4 d5 2. c4 c6 3. Nf3 Nf6 4. Nc3 e6 5. Bg5 Be7 6. e3 0-0 7. Bd3 Nbd7 8. 0-0 Re8 9. Qc2 h6 10. Bh4 dxc4 11. Bxc4 Nb6 12. Bb3 Nbd5 13. Rac1 b6 14. Rfd1 Bb7 15. Ne5 Rc8 16. Qe2 Nd7 17. Bxe7 Rxe7 18. Ne4 Qc7 1/2-1/2

[Event "Naantali op"]
[Site "Naantali"]
[Date "2014.07.04"]
[Round "7"]
[White "Heino, Juha"]
[Black "Smeds, Tom"]
[Result "1-0"]
[WhiteElo "2058"]
[BlackElo "1828"]
[PlyCount "55"]
[EventDate "2014.06.30"]
[EventType "swiss"]
[EventRounds "9"]
[EventCountry "FIN"]
[SourceTitle "CBM 161 Extra"]
[Source "ChessBase"]
[SourceDate "2014.08.29"]
[SourceVersion "1"]
[SourceVersionDate "2014.08.29"]
[SourceQuality "1"]

1. e4 e6 2. d4 c5 3. c3 b6 4. Nf3 Bb7 5. d5 exd5 6. exd5 d6 7. c4 g6 8. Bd3 Bg7 9. 0-0 Ne7 10. Re1 0-0 11. Bg5 f6 12. Bf4 Bc8 13. Nc3 a6 14. Ne4 Nf5 15. h3 g5 16. Bh2 h5 17. Nfxg5 fxg5 18. Qxh5 Nd7 19. Bxd6 Nf6 20. Nxf6+ Qxf6 21. Bxf8 Bxf8 22. Re8 Bb7 23. Rxa8 Bxa8 24. Re1 b5 25. Re6 Qxb2 26. Qg6+ Ng7 27. Qh7+ Kf7 28. Bg6# 1-0

[Event "Naantali op"]
[Site "Naantali"]
[Date "2014.07.03"]
[Round "5"]
[White "Heino, Juha"]
[Black "Hurme, Harri M"]
[Result "0-1"]
[WhiteElo "2058"]
[BlackElo "2186"]
[PlyCount "64"]
[EventDate "2014.06.30"]
[EventType "swiss"]
[EventRounds "9"]
[EventCountry "FIN"]
[SourceTitle "CBM 161 Extra"]
[Source "ChessBase"]
[SourceDate "2014.08.29"]
[SourceVersion "1"]
[SourceVersionDate "2014.08.29"]
[SourceQuality "1"]

1. e4 e5 2. Nc3 Nf6 3. Nf3 Nc6 4. Bc4 Nxe4 5. Bd5 Nf6 6. Bxc6 dxc6 7. Nxe5 Bd6 8. Nf3 0-0 9. 0-0 h6 10. h3 Bf5 11. d3 Re8 12. Re1 Qd7 13. Rxe8+ Rxe8 14. Qf1 b5 15. Bd2 b4 16. Nd1 c5 17. Ne3 Be6 18. Rd1 Qc6 19. d4 Qb7 20. c4 Bxh3 21. d5 Bd7 22. Qd3 Qc8 23. Nh4 Be5 24. Bc1 Ng4 25. Nxg4 Bxg4 26. Nf3 Qd8 27. Re1 Bd6 28. Rxe8+ Qxe8 29. Kf1 a5 30. b3 a4 31. Bb2 a3 32. Bc1 Qc8 0-1

[Event "Naantali op"]
[Site "Naantali"]
[Date "2011.07.08"]
[Round "7"]
[White "Jarvenpaa, Jari"]
[Black "Heino, Juha"]
[Result "1-0"]
[WhiteElo "2214"]
[BlackElo "2083"]
[PlyCount "61"]
[EventDate "2011.07.04"]
[EventType "swiss"]
[EventRounds "9"]
[EventCountry "FIN"]
[SourceTitle "CBM 143 Extra"]
[Source "ChessBase"]
[SourceDate "2011.08.29"]
[SourceVersion "1"]
[SourceVersionDate "2011.08.29"]
[SourceQuality "1"]

1. e4 c5 2. c3 d5 3. exd5 Qxd5 4. d4 Nc6 5. Nf3 Bg4 6. Be2 e6 7. 0-0 Nf6 8. Na3 Qd8 9. Nc2 Be7 10. Be3 Nd5 11. dxc5 Nxe3 12. Nxe3 Qxd1 13. Rfxd1 Bxf3 14. Bxf3 Bxc5 15. Nc4 a5 16. a4 Ra7 17. Bxc6+ bxc6 18. Re1 Be7 19. Re5 c5 20. Ra3 0-0 21. Rb3 g6 22. Rb5 Rd8 23. Kf1 Rd1+ 24. Re1 Rdd7 25. Rxa5 Kf8 26. Rxa7 Rxa7 27. Ra1 Ra6 28. Ke2 f6 29. a5 Ke8 30. Rd1 h5 31. Rd3 1-0

[Event "FIN-chT1A 0910"]
[Site "Finland"]
[Date "2010.03.20"]
[Round "7.2"]
[White "Heino, Juha"]
[Black "Lehti, Juhani"]
[Result "0-1"]
[WhiteElo "2092"]
[BlackElo "2231"]
[PlyCount "78"]
[EventDate "2009.09.19"]
[EventType "team-tourn"]
[EventRounds "7"]
[EventCountry "FIN"]
[SourceTitle "EXT 2022"]
[Source "ChessBase"]
[SourceDate "2021.10.06"]
[SourceVersion "1"]
[SourceVersionDate "2021.10.06"]
[SourceQuality "1"]
[WhiteTeam "Turku SY"]
[BlackTeam "Helsinki SSK"]
[WhiteTeamCountry "FIN"]
[BlackTeamCountry "FIN"]

1. e4 e5 2. Nf3 Nc6 3. Bb5 a6 4. Ba4 Nf6 5. 0-0 Be7 6. Re1 b5 7. Bb3 d6 8. c3 0-0 9. h3 Na5 10. Bc2 Nd7 11. d4 c5 12. d5 Qc7 13. Nbd2 Nb6 14. Nf1 Bd7 15. Ng3 Qb7 16. Bg5 Bxg5 17. Nxg5 h6 18. Nf3 b4 19. Nh4 Nac4 20. b3 Na3 21. c4 Nxc2 22. Qxc2 a5 23. Ngf5 Bxf5 24. Nxf5 Qd7 25. Re3 Kh7 26. Rf1 g6 27. Ng3 Qe7 28. f4 exf4 29. Rxf4 Nd7 30. Qf2 Ne5 31. Rf6 Kg7 32. Rf4 a4 33. Qe2 axb3 34. axb3 Ra1+ 35. Rf1 Rfa8 36. Rxa1 Rxa1+ 37. Kh2 Qg5 38. Nf5+ gxf5 39. Rg3 Rh1+ 0-1

[Event "Naantali Summer op"]
[Site "Naantali"]
[Date "2009.06.??"]
[Round "9"]
[White "Akkanen, Timo"]
[Black "Heino, Juha"]
[Result "0-1"]
[WhiteElo "1948"]
[BlackElo "2092"]
[PlyCount "64"]
[EventDate "2009.06.29"]
[EventType "swiss"]
[EventRounds "9"]
[EventCountry "FIN"]
[SourceTitle "EXT 2022"]
[Source "ChessBase"]
[SourceDate "2021.10.06"]
[SourceVersion "1"]
[SourceVersionDate "2021.10.06"]
[SourceQuality "1"]

1. Nf3 d5 2. b3 c5 3. Bb2 Nc6 4. e3 Bg4 5. Bb5 Rc8 6. h3 Bh5 7. g4 Bg6 8. Ne5 d4 9. Qf3 Qd6 10. Nxc6 bxc6 11. Ba6 Rc7 12. e4 Nf6 13. d3 Nd7 14. Na3 e5 15. h4 f6 16. Nc4 Qe7 17. Bc1 Nb8 18. Nxe5 fxe5 19. Bg5 Qd7 20. Bc4 Bf7 21. Qg3 Bd6 22. Bxf7+ Qxf7 23. Bd2 0-0 24. 0-0-0 Qf3 25. Rdf1 Rcf7 26. Qg1 Na6 27. a3 Nc7 28. Rh2 Ne6 29. Rg2 c4 30. b4 c3 31. Be1 Nf4 32. Rg3 Ne2+ 0-1